Autorská výstava fotografií Pavla Tótha

Bibliographic Details
Main Author: Keppert, Jozef, 1946- (Author)
Format: Article
Language:Slovak
PhysicalDescription:Obr. 2.
Subjects:

MARC

LEADER 00000nab a2200000 a 4500
001 vtls000215188
003 SK-MaSNL
005 20260303184211.0
008 160215c1985 xo 0 slo
015 |a SNBRB19rr/mm-uuuuu 
035 |a CL0225302 
040 |a SNKBUCL  |b slo  |c SNKBUCL  |e AACR2 
041 0 |a slo 
044 |a xo  |c SK 
080 |a 77.04-051:061.4  |2 1981 
080 |a 061.4  |2 1981 
080 |a 929 Tóth, Pavol  |2 1981 
100 1 |a Keppert, Jozef,  |d 1946-  |4 aut  |9 26872 
245 1 0 |a Autorská výstava fotografií Pavla Tótha  |c Jozef Keppert 
300 |b Obr. 2. 
650 0 7 |a Tóth, Pavol  |2 snkbucl  |9 1213945 
655 7 |a články z novín a časopisov  |2 snkbucl  |9 267496 
773 0 |t Výtvarníctvo fotografia film  |g Roč. 23, č. 5 (1985), s. 22 
850 |a Slovenská národná knižnica v Martine  |a MTA001 
852 |a SNK  |b KIS3GCP 
958 |a BX 
958 |a RK 
992 |a RBX 
999 |c 2125607  |d 2127537